000 00860nam a2200193 a 4500
008 070212s2005 ||||||||||||||||| || u
020 _a0340812141
050 _aQC 884.2.C5 GLO
100 _aMackay, Anson, ed
245 1 0 _aGlobal change in the holocene
_cedited by Mackay Anson...[and others]
260 _aOxford
_bHodder Arnold
_c2005
300 _aix, 528p.;ill.
350 _a0.00
650 _aGLOBAL TEMPERATURE CHANGES--HISTORY
650 _aPALEOCLIMATOLOGY--HOLOCENE
650 _aCLIMATE
995 _aMAIN LIBRARY OPEN ACCESS
_D0.00
_e739858
_FCBU-MAIN LIBRARY (Kitwe)
_H1
_I0.00
_jQC 884.2.C5 GLO
_M2
_UAVAILABLE
_WApr 16, 2009
_y739858
_ZMain Library Open Access Collection
995 _aMAIN LIBRARY OPEN ACCESS
_D0.00
_e737506
_FCBU-MAIN LIBRARY (Kitwe)
_H1
_I0.00
_jQC 884.2.C5 Glo
_M1
_UAVAILABLE
_WFeb 12, 2007
_y53008
_ZMain Library Open Access Collection
999 _c75917
_d75917